El puro /

Gespeichert in:
Bibliographische Detailangaben
1. Verfasser: Deschodt, Eric (autor)
Weitere Verfasser: Morane, Philippe (autor) (autor)
Format: Buch
Sprache:Spanisch
Veröffentlicht: Colonia, Alemania : Könemann, 1998, c1998
Schlagworte:
Tags: Tag hinzufügen
Keine Tags, Fügen Sie das erste Tag hinzu!

MARC

LEADER 00000nam^a2200000^a^4500
001 000108686
005 20250521000000.0
009 20260310093657.25
020 |a 3-8290-1067-2 
037 |a Acervo ITESO - Biblioteca 
041 |a ESP 
082 |a 679. 74  |b DES 
100 |a Deschodt, Eric  |e (autor) 
245 1 3 |a El puro /  |c E. Deschodt, P. Morane ; fotografía de Jacques Boulay, Patricia Canino, Karine Veyrunes ; iconografía de Françoise Pace ; tr. por Tatiana Suárez. 
264 4 |a Colonia, Alemania :  |b Könemann,  |c 1998, c1998 
300 |a 227 p. 
336 |a texto  |b txt  |2 rdacontenido 
337 |a sin mediación  |b n  |2 rdamedio 
338 |a volumen  |b nc  |2 rdasoporte 
500 |a Traducción de: Le cigare 
649 |a XX 
650 |a Puros -  |x Historia 
650 |a Puros -  |z La Habana, Cuba -  |x Historia 
650 |a Industria Tabacalera -  |x Historia 
650 |a Industria Tabacalera -  |z La Habana, Cuba -  |x Historia 
700 |a Morane, Philippe  |e (autor) 
910 |a Fondo General 
920 |a Impresos - Libros 
930 |a Reserva Especial 
905 |a 103 
901 |a 0500045042  |b IT1  |c REE  |u 20250521 
902 |a https://opac.biblio.iteso.mx/vufind/Record/000108686